The relations of children's dispositional prosocial behavior to emotionality, regulation, and social functioning (Record no. 76045)

MARC details
000 -CABECERA
campo de control de longitud fija 00580nam a2200193 a 4500
005 - FECHA Y HORA DE LA ÚLTIMA TRANSACCIÓN
campo de control 20210219153413.0
008 - ELEMENTOS DE LONGITUD FIJA--INFORMACIÓN GENERAL
campo de control de longitud fija 991125n 000 0 eng u
035 ## - NÚMERO DE CONTROL DEL SISTEMA
Número de control de sistema UPN01000097124
222 ## - TÍTULO CLAVE
Título clave CHILD DEVELOPMENT
245 ## - MENCIÓN DE TÍTULO
Título The relations of children's dispositional prosocial behavior to emotionality, regulation, and social functioning
300 ## - DESCRIPCIÓN FÍSICA
Extensión 974-992
362 ## - FECHAS DE PUBLICACIÓN Y/O DESIGNACIÓN SECUENCIAL
Fecha de publicación y/o designación secuencial 1996 Vol. 67, no. 3, june
653 0# - TERMINO DE INDIZACION - NO CONTROLADO
Término no controlado CONDUCTA SOCIAL
653 0# - TERMINO DE INDIZACION - NO CONTROLADO
Término no controlado NIÑO
653 0# - TERMINO DE INDIZACION - NO CONTROLADO
Término no controlado RESPUESTA EMOCIONAL
700 ## - ASIENTO SECUNDARIO--NOMBRE DE PERSONAL
Nombre de persona EISENBERG, Nancy, coaut.
904 ## - ELEMENTOS DE DATOS D LOCAL, LDD (RLIN)
a AC
b 034935
905 ## - TIPO DE MATERIAL
Tipo de material Articulo

No items available.